The contentious fans: the impact of repression media coverage, grievances and aggressive play on suporters violence /
Se presenta la pregunta de cual explicación macro sociológica es mejor predictor para la violencia de los seguidores de fútbol. Posterior a ello, se proponen cuatro posibles explicaciones de dicha violencia: la represión, la atención de los medios, desempleo y juego agresivo en el campo. Dichas expl...
Sábháilte in:
| Príomhchruthaitheoir: | |
|---|---|
| Rannpháirtithe: | |
| Formáid: | Téacs |
| Ábhair: | |
| Clibeanna: |
Cuir clib leis
Níl clibeanna ann, Bí ar an gcéad duine le clib a chur leis an taifead seo!
|
MARC
| LEADER | 00000 a a2200000 04500 | ||
|---|---|---|---|
| 001 | 8853 | ||
| 003 | |||
| 040 | |||
| 100 | |a Braun, Robert | ||
| 245 | |a The contentious fans: |b the impact of repression media coverage, grievances and aggressive play on suporters violence / |c Robert Braun | ||
| 520 | |a Se presenta la pregunta de cual explicación macro sociológica es mejor predictor para la violencia de los seguidores de fútbol. Posterior a ello, se proponen cuatro posibles explicaciones de dicha violencia: la represión, la atención de los medios, desempleo y juego agresivo en el campo. Dichas explicaciones son probadas por la violencia ocurrida durante los juegos de fútbol en los Países Bajos durante el periodo de 2001 al 2005. Se utilizan distintos métodos estadísticos para demostrar que los factores mencionados anteriormente son significativos para la explicación de la ocurrencia de violencia. | ||
| 590 | |a KSR/DICIEMBRE2012 | ||
| 650 | |a 1.FUTBOL | ||
| 650 | |a 2.MOVIMIENTOS SOCIALES | ||
| 650 | |a 3.VIOLENCIA | ||
| 650 | |a 4.MEDIOS DE COMUNICACION | ||
| 650 | |a 5.DESEMPLEO | ||
| 650 | |a 6.REPRESION | ||
| 700 | |a Vliegenthart, Rens | ||
| 773 | |g volumen 23, número 6; páginas 796-818 | ||
| 999 | |c 33388 |d 33388 | ||
